[Event "2MCR_3DE_2LB_2S"]
[Site "?"]
[Date "2007.??.??"]
[Round "?"]
[White "Kratochvil, Jan"]
[Black "Paukert, Martin"]
[Result "0-1"]
[WhiteElo "1815"]
[BlackElo "2111"]
[PlyCount "138"]
[EventDate "2007.??.??"]
[EventType "corr"]
[EventRounds "2"]
[SourceDate "2007.01.28"]

1. d4 d5 2. Nf3 Nf6 3. c4 dxc4 4. e3 e6 5. Bxc4 c5 6. O-O a6 7. Bd3 b6 8. dxc5
Bxc5 9. a3 Bb7 10. b4 Be7 11. Bb2 O-O 12. Qe2 Nbd7 13. Nbd2 a5 14. bxa5 Rxa5
15. Bb5 Qb8 16. a4 Rc8 17. Nc4 Ra7 18. Rfd1 Bd5 19. Nfd2 Bc6 20. Rab1 Bxb5 21.
axb5 Ra4 22. Rbc1 Bf8 23. Bc3 Rc5 24. f4 Ra2 25. Rb1 Ne4 26. Qd3 Nxc3 27. Qxc3
Qc7 28. Qb3 Ra8 29. Rbc1 Nf6 30. Nf3 Ne8 31. Nfe5 Nd6 32. h4 Ra5 33. Qd3 Nxc4
34. Rxc4 Raxb5 35. Rxc5 Rxc5 36. Qd7 Qxd7 37. Nxd7 Rb5 38. Nxf8 Kxf8 39. Rd8+
Ke7 40. Rb8 Rb2 41. Rb7+ Kf6 42. e4 h5 43. g3 b5 44. Kf1 b4 45. Rb5 b3 46. Ke1
Rb1+ 47. Kd2 b2 48. Kc3 Rg1 49. Kxb2 Rxg3 50. Rxh5 Rg4 51. Kc3 Rxf4 52. Kd3 g6
53. Ra5 Rxh4 54. Ke3 Rh3+ 55. Kf2 g5 56. e5+ Kf5 57. Ra7 Rh7 58. Ra5 Rh4 59.
Kg3 Rf4 60. Rb5 Ke4 61. Ra5 Rf5 62. Ra7 Kxe5 63. Rb7 Rf4 64. Rb5+ Kf6 65. Rb7
e5 66. Rb6+ Kf5 67. Rb7 f6 68. Rb1 g4 69. Ra1 Rf3+ 0-1

[Event "2MCR_3DE_2LB_3S"]
[Site "?"]
[Date "2007.??.??"]
[Round "?"]
[White "Cipka, Ivan"]
[Black "Portych, Vaclav"]
[Result "1-0"]
[WhiteElo "2100"]
[BlackElo "2147"]
[PlyCount "91"]
[EventDate "2007.??.??"]
[EventType "corr"]
[EventRounds "2"]
[SourceDate "2007.01.28"]

1. e4 c5 2. Nf3 Nc6 3. d4 cxd4 4. Nxd4 Nf6 5. Nc3 e5 6. Ndb5 d6 7. Nd5 Nxd5 8.
exd5 Nb8 9. Bd3 a6 10. Nc3 Be7 11. O-O O-O 12. a4 f5 13. Qh5 e4 14. Bc4 Nd7 15.
Bf4 Qc7 16. Bb3 Bf6 17. a5 Ne5 18. Qe2 Ng6 19. Be3 Bxc3 20. bxc3 Qxc3 21. Qd2
Qxd2 22. Bxd2 Bd7 23. Bb4 Rf6 24. f4 Nh4 25. Be1 Ng6 26. c4 Rc8 27. Rb1 Kf8 28.
g3 Be8 29. Ba2 Rf7 30. Rb6 Rd7 31. Bb4 Ke7 32. Bb3 Rcc7 33. Rc1 Rd8 34. Kf2 Nf8
35. Ke3 h5 36. c5 Kf7 37. c6 bxc6 38. Rb7 Rxb7 39. dxc6+ Ke7 40. cxb7 Rb8 41.
Rc7+ Bd7 42. Bc4 Ne6 43. Bxe6 Kxe6 44. Bc3 g6 45. Kd2 d5 46. Ke3 1-0

[Event "2MCR_3DE_2LB_2S"]
[Site "?"]
[Date "2007.??.??"]
[Round "?"]
[White "Martinovsky, Vaclav"]
[Black "Paukert, Martin"]
[Result "1-0"]
[WhiteElo "2200"]
[BlackElo "2111"]
[PlyCount "95"]
[EventDate "2007.??.??"]
[EventType "corr"]
[EventRounds "2"]
[SourceDate "2007.01.28"]

1. e4 c5 2. Nf3 Nc6 3. d4 cxd4 4. Nxd4 Nf6 5. Nc3 e5 6. Ndb5 d6 7. Nd5 Nxd5 8.
exd5 Nb8 9. Bd3 Be7 10. O-O O-O 11. Be3 a6 12. Nc3 f5 13. f4 e4 14. Be2 b5 15.
Qd2 Bb7 16. Nd1 Nd7 17. a4 Nf6 18. axb5 axb5 19. Nc3 b4 20. Na2 b3 21. Nb4 bxc2
22. Qxc2 Kh8 23. Qd2 Qd7 24. b3 Rfc8 25. Rxa8 Rxa8 26. Rc1 Bd8 27. Nc6 Qf7 28.
Bc4 Qe8 29. Nxd8 Qxd8 30. Rd1 Qc7 31. h3 h6 32. Qb2 Qf7 33. b4 Qh5 34. Rd4 Qh4
35. Qc1 Nh5 36. Be2 Rc8 37. Rc4 Rxc4 38. Bxc4 Qd8 39. b5 Nf6 40. Qd2 Qc8 41.
Qa2 Qa8 42. Qxa8+ Bxa8 43. Ba7 Nxd5 44. g3 g6 45. Bb8 Ne3 46. Be6 d5 47. Be5+
Kh7 48. g4 1-0

[Event "2MCR_3DE_2LB_1S"]
[Site "?"]
[Date "2007.??.??"]
[Round "?"]
[White "Doudera, Lubomir"]
[Black "Vinklarek, Ondrej"]
[Result "1/2-1/2"]
[WhiteElo "2136"]
[BlackElo "2000"]
[PlyCount "90"]
[EventDate "2007.??.??"]
[EventType "corr"]
[EventRounds "2"]
[SourceDate "2007.01.28"]

1. e4 c5 2. c3 d5 3. exd5 Qxd5 4. d4 Nf6 5. Nf3 cxd4 6. cxd4 e6 7. Nc3 Qd6 8.
Bd3 Be7 9. O-O Nc6 10. Bg5 O-O 11. Qd2 Nb4 12. Bxf6 gxf6 13. Bb1 f5 14. Qh6 Kh8
15. a3 Nc6 16. Rd1 Rg8 17. Ba2 Bd7 18. Qe3 Rae8 19. d5 exd5 20. Nxd5 Bf8 21.
Qc1 Bg7 22. h4 Rd8 23. Ng5 Be8 24. Rb1 h6 25. Nf3 Qg6 26. g3 Qg4 27. Kg2 a6 28.
b4 Rc8 29. Qe3 Qe4 30. Qxe4 fxe4 31. Nd2 Rd8 32. Nxe4 Nd4 33. Ndf6 Bc6 34. Kh3
Rgf8 35. Rbc1 Ne2 36. Rxd8 Rxd8 37. Rc5 Nd4 38. f4 Ne6 39. Rh5 Rd3 40. Ng5
Nxf4+ 41. Kg4 Bf3+ 42. Nxf3 Nxh5 43. Nxh5 Rxa3 44. Bxf7 Ra4 45. Kf5 Rxb4
1/2-1/2

[Event "2MCR_3DE_2LB_1S"]
[Site "?"]
[Date "2007.??.??"]
[Round "?"]
[White "Mateka, Petr"]
[Black "Doudera, Lubomir"]
[Result "1/2-1/2"]
[WhiteElo "2275"]
[BlackElo "2136"]
[PlyCount "107"]
[EventDate "2007.??.??"]
[EventType "corr"]
[EventRounds "2"]
[SourceDate "2007.01.28"]

1. e4 d5 2. exd5 Qxd5 3. Nc3 Qa5 4. d4 Nf6 5. Nf3 Bg4 6. h3 Bh5 7. Bd2 e6 8.
Bc4 Bb4 9. a3 Bxc3 10. Bxc3 Qf5 11. Be2 Qd5 12. Bd2 Nc6 13. c3 O-O-O 14. O-O
Rhg8 15. b4 Ne4 16. b5 Nxd2 17. Qxd2 Bxf3 18. Bxf3 Qxb5 19. Rfb1 Qa4 20. Qd3 g6
21. Bd1 Qa5 22. Rb5 Qa6 23. Bf3 Rd6 24. a4 Re8 25. Rab1 b6 26. Qc4 Ne7 27. a5
Nd5 28. Be2 Red8 29. Qb3 Kd7 30. axb6 axb6 31. Qb2 Nf4 32. Bf1 Qc8 33. g3 Nh5
34. Qd2 Nf6 35. Qf4 Ke7 36. Ra1 h5 37. Re5 c6 38. Qg5 R8d7 39. Bg2 Qd8 40. Re2
Rc7 41. Rea2 Rc8 42. Ra7+ Rd7 43. Rxd7+ Qxd7 44. Kh2 Rd8 45. Ra3 Qd6 46. Ra6
Qc7 47. Ra4 Rd7 48. c4 Qd6 49. c5 bxc5 50. dxc5 Qd2 51. Rf4 Qc3 52. Bxc6 Rc7
53. Rf3 Qd4 54. Rf4 1/2-1/2

[Event "2MCR_3DE_2LB_1S"]
[Site "?"]
[Date "2007.??.??"]
[Round "?"]
[White "Vinklarek, Ondrej"]
[Black "Doudera, Lubomir"]
[Result "1-0"]
[WhiteElo "2000"]
[BlackElo "2136"]
[PlyCount "87"]
[EventDate "2007.??.??"]
[EventType "corr"]
[EventRounds "2"]
[SourceDate "2007.01.28"]

1. c4 Nf6 2. Nc3 e5 3. g3 d5 4. cxd5 Nxd5 5. Bg2 Nb6 6. Nf3 Nc6 7. O-O Be7 8.
d3 O-O 9. a4 a5 10. Be3 Re8 11. d4 Nc4 12. d5 Nb4 13. Qb3 Nxe3 14. fxe3 Bc5 15.
Ne4 Qxd5 16. Nxc5 Qxc5 17. Ng5 Be6 18. Nxe6 Rxe6 19. Rad1 Rf8 20. Bxb7 Rd6 21.
Be4 Qa7 22. h4 Qb6 23. h5 Rxd1 24. Rxd1 Qf6 25. Qc4 c6 26. Qc5 Qg5 27. Kf2 Nd5
28. Bxd5 cxd5 29. Qxa5 Qxh5 30. Qxd5 Qf5+ 31. Kg2 Qc2 32. Rd2 Qxa4 33. Qxe5 h6
34. Kf2 Qc6 35. b4 Qh1 36. Qd5 Qh2+ 37. Qg2 Qh5 38. Rd5 Qg6 39. Qf3 Qe6 40. b5
Rc8 41. e4 Qh3 42. Qh5 Qe6 43. Qe5 Qb6+ 44. Qd4 1-0

[Event "2MCR_3DE_2LB_1S"]
[Site "?"]
[Date "2007.??.??"]
[Round "?"]
[White "Vinklarek, Ondrej"]
[Black "Motejzik, Jaroslav"]
[Result "1-0"]
[WhiteElo "2000"]
[BlackElo "2068"]
[PlyCount "113"]
[EventDate "2007.??.??"]
[EventType "corr"]
[EventRounds "2"]
[SourceDate "2007.01.28"]

1. e4 e6 2. d4 d5 3. Nc3 Nf6 4. Bg5 Be7 5. e5 Nfd7 6. Bxe7 Qxe7 7. f4 O-O 8.
Nf3 c5 9. dxc5 Qxc5 10. Bd3 f6 11. Nd4 Qb6 12. Na4 Qb4+ 13. c3 Qe7 14. exf6
Nxf6 15. O-O Nc6 16. Nxc6 bxc6 17. Qe2 c5 18. Qe3 c4 19. Bc2 Ng4 20. Qd4 Qh4
21. h3 Nf6 22. Nc5 Nh5 23. Rf3 Rb8 24. b3 Qf6 25. Raf1 Qxd4+ 26. cxd4 cxb3 27.
axb3 Rb4 28. g4 Nf6 29. Rd1 Ne4 30. Nxe4 dxe4 31. Bxe4 Ba6 32. Kf2 Rd8 33. Rc3
Rdxd4 34. Rxd4 Rxd4 35. Ke3 Rb4 36. h4 Bb7 37. Bd3 h6 38. Bc4 Bd5 39. Kd4 Kf7
40. Rc1 Bf3 41. g5 Bg4 42. Rg1 Bf5 43. h5 Rb7 44. Ke5 Rc7 45. Rg2 Rd7 46. Ra2
Bg4 47. Ra6 Re7 48. g6+ Kf8 49. Bxe6 Bxh5 50. f5 Rc7 51. Rd6 Ke7 52. Bd5 Rc2
53. Re6+ Kf8 54. Kd6 Rd2 55. Re3 Bd1 56. b4 Ba4 57. Ra3 1-0

[Event "2MCR_3DE_2LB_3S"]
[Site "?"]
[Date "2007.??.??"]
[Round "?"]
[White "Tyrlik, Jaroslav"]
[Black "Vokolek, Jaroslav"]
[Result "1/2-1/2"]
[WhiteElo "2101"]
[BlackElo "2000"]
[PlyCount "142"]
[EventDate "2007.??.??"]
[EventType "corr"]
[EventRounds "2"]
[SourceDate "2007.01.28"]

1. d4 Nf6 2. Nf3 e6 3. Bg5 h6 4. Bh4 b6 5. e3 Bb7 6. Nbd2 c5 7. Bd3 Be7 8. O-O
cxd4 9. Nxd4 Nc6 10. c3 Rc8 11. e4 Nxd4 12. cxd4 O-O 13. a3 d6 14. Re1 Qd7 15.
Qe2 Rfd8 16. a4 Bc6 17. Nf3 a5 18. b3 Rc7 19. Rad1 Rdc8 20. Ba6 Ra8 21. Bxf6
Bxf6 22. d5 exd5 23. exd5 Bb7 24. Bb5 Qd8 25. Qd3 Re7 26. Rxe7 Qxe7 27. Qf5 Rc8
28. Bc6 Bc3 29. Rc1 Bb4 30. h3 Rc7 31. Rc4 Bc8 32. Qf4 g5 33. Qd4 Bc5 34. Qd1
Qf6 35. Re4 Bf5 36. Re8+ Kg7 37. g4 Bg6 38. Qe2 Qf4 39. Kg2 h5 40. Qc4 hxg4 41.
hxg4 Qxc4 42. bxc4 Kf6 43. Bb5 Bd3 44. Ne1 Bb1 45. f4 gxf4 46. Kf3 Bd4 47. Kxf4
Be5+ 48. Ke3 Bc3 49. Nd3 Re7+ 50. Rxe7 Kxe7 51. Nf2 Bg7 52. g5 Bb2 53. Nd3 Ba3
54. Ke2 Bc2 55. Kd2 Bb3 56. Nf4 Kf8 57. g6 Bb4+ 58. Kd3 Bd1 59. gxf7 Kxf7 60.
Ne6 Ba3 61. Bc6 Bg4 62. Ke4 Bb2 63. Kf4 Bd1 64. Ke3 Bc2 65. Kd2 Bf5 66. Ke2 Kf6
67. Bb5 Ke5 68. Kd2 Bd4 69. Bd7 Bc5 70. Kc3 Be3 71. Bc6 Bxe6 1/2-1/2

[Event "2MCR_3DE_2LB_3S"]
[Site "?"]
[Date "2007.??.??"]
[Round "?"]
[White "Tyrlik, Jaroslav"]
[Black "Cipka, Ivan"]
[Result "1/2-1/2"]
[WhiteElo "2101"]
[BlackElo "2100"]
[PlyCount "138"]
[EventDate "2007.??.??"]
[EventType "corr"]
[EventRounds "2"]
[SourceDate "2007.01.28"]

1. d4 d5 2. Bf4 Bf5 3. e3 e6 4. Bd3 Bxd3 5. cxd3 Nf6 6. Qb3 b6 7. Nf3 Bd6 8.
Bxd6 Qxd6 9. O-O O-O 10. Nc3 c6 11. e4 Qf4 12. Rfe1 Rc8 13. Rac1 Nbd7 14. e5
Ne8 15. Ne2 Qf5 16. Rc3 a5 17. Qc2 c5 18. Qa4 Rd8 19. dxc5 bxc5 20. Ng3 Qg6 21.
Qf4 Nc7 22. Nh4 Qh6 23. Qxh6 gxh6 24. Nf3 Na6 25. d4 Rdc8 26. b3 cxd4 27. Rxc8+
Rxc8 28. Nxd4 Nb4 29. f4 Nxa2 30. Kf1 a4 31. bxa4 Rc4 32. Nge2 Rxa4 33. Ra1 Nc3
34. Rxa4 Nxa4 35. Nc6 Kf8 36. Kf2 Ndc5 37. Kg3 Nb2 38. Kh4 Nc4 39. Ned4 Nd3 40.
g3 Kg7 41. Kh5 Ne3 42. Nf3 Nf5 43. Ncd4 Ne7 44. Nh4 Nc5 45. Ng2 Nb7 46. Ne3 Nd8
47. Nec2 Ndc6 48. Ne2 Nf5 49. h3 d4 50. Ne1 Ne3 51. Nd3 Nd1 52. Nec1 Nc3 53.
Nb3 Ne4 54. Kg4 Kg6 55. Kf3 Nc3 56. Nbc5 h5 57. Ne4 Ne7 58. Nd6 h6 59. Nc5 Nc6
60. g4 hxg4+ 61. hxg4 Kg7 62. Nd3 Na4 63. Nf2 Kg8 64. Nfe4 Kf8 65. Nb5 Kg7 66.
Ke2 Kg6 67. Nbd6 Nc3+ 68. Kf3 Kg7 69. Nc5 Kg8 1/2-1/2

[Event "2MCR_3DE_2LB_3S"]
[Site "?"]
[Date "2007.??.??"]
[Round "?"]
[White "Hrdy, Tomas"]
[Black "Cipka, Ivan"]
[Result "1/2-1/2"]
[WhiteElo "1500"]
[BlackElo "2100"]
[PlyCount "120"]
[EventDate "2007.??.??"]
[EventType "corr"]
[EventRounds "2"]
[SourceDate "2007.01.28"]

1. e4 e5 2. Nf3 Nf6 3. Nxe5 d6 4. Nf3 Nxe4 5. d4 d5 6. Bd3 Bd6 7. O-O O-O 8. c4
c6 9. Qc2 Na6 10. a3 Bg4 11. Ne5 Bf5 12. b4 Qh4 13. Nc3 Rfe8 14. cxd5 Nxc3 15.
Bxf5 Bxe5 16. dxe5 Nxd5 17. Bb2 Nac7 18. Rfe1 Qh5 19. Qe4 a5 20. bxa5 Ne6 21.
a4 Rxa5 22. Ra3 Nc5 23. Qc2 Ne7 24. Qd2 Qxf5 25. Qxa5 Nd3 26. Rf1 Nxb2 27. Qc3
Nxa4 28. Rxa4 Nd5 29. Qa1 Qc8 30. Re1 b5 31. Ra7 h6 32. Qd4 Qf5 33. g3 f6 34.
f4 Kh7 35. Rf7 Kg8 36. Rb7 Kh7 37. Qa7 Qg4 38. Qf2 fxe5 39. fxe5 Qe6 40. Qa7
Qg4 41. Rf7 Re6 42. Kh1 Qg6 43. Rd7 Qg4 44. Rd6 Qb4 45. Qf2 Rxd6 46. exd6 Qxd6
47. Qf5+ Qg6 48. Qxg6+ Kxg6 49. Re6+ Kf5 50. Rxc6 b4 51. Kg2 Ke4 52. Rc8 Kd3
53. Rb8 Kc3 54. Rc8+ Kd4 55. Rb8 Kc4 56. Kf3 b3 57. Ke2 Nb4 58. Rc8+ Kd4 59.
Rb8 Kc3 60. Rc8+ Kd4 1/2-1/2

[Event "2MCR_3DE_2LB_3S"]
[Site "?"]
[Date "2007.??.??"]
[Round "?"]
[White "Portych, Vaclav"]
[Black "Cipka, Ivan"]
[Result "1/2-1/2"]
[WhiteElo "2147"]
[BlackElo "2100"]
[PlyCount "106"]
[EventDate "2007.??.??"]
[EventType "corr"]
[EventRounds "2"]
[SourceDate "2007.01.28"]

1. c4 e5 2. Nc3 Nf6 3. Nf3 Nc6 4. g3 d5 5. cxd5 Nxd5 6. Bg2 Nb6 7. O-O Be7 8.
a3 O-O 9. b4 Be6 10. d3 Nd4 11. Bb2 Nxf3+ 12. Bxf3 c6 13. Ne4 Nd7 14. d4 f5 15.
Nc5 Nxc5 16. dxc5 e4 17. Bg2 b6 18. cxb6 Qxd1 19. Rfxd1 axb6 20. e3 b5 21. h4
Bd5 22. Bf1 Rfd8 23. Be2 g6 24. Kg2 h5 25. Rdc1 Kf7 26. Bc3 Ra6 27. Bd1 Bc4 28.
a4 Ke6 29. axb5 Rxa1 30. Rxa1 cxb5 31. Ra6+ Rd6 32. Rxd6+ Bxd6 33. Kg1 Kd7 34.
Kg2 Be7 35. Kg1 Kd6 36. Kg2 Ke6 37. Kg1 Bd6 38. Kg2 Kd5 39. Kg1 Ba2 40. Be2 Kc6
41. Kg2 Bb3 42. Kg1 Bc4 43. Bd1 Ba2 44. Be2 Bc7 45. Kg2 Bb1 46. Bd1 Bd3 47. Bb3
Bc4 48. Bd1 Bb6 49. Bc2 Kd5 50. Bd1 Bc7 51. Bb2 Kd6 52. Kg1 Kc6 53. Bc3 Kd6
1/2-1/2

[Event "2MCR_3DE_2LB_3S"]
[Site "?"]
[Date "2007.??.??"]
[Round "?"]
[White "Cipka, Ivan"]
[Black "Vokolek, Jaroslav"]
[Result "1/2-1/2"]
[WhiteElo "2100"]
[BlackElo "2000"]
[PlyCount "121"]
[EventDate "2007.??.??"]
[EventType "corr"]
[EventRounds "2"]
[SourceDate "2007.01.28"]

1. e4 c5 2. Nf3 Nc6 3. d4 cxd4 4. Nxd4 g6 5. Nc3 Bg7 6. Be3 Nf6 7. Be2 O-O 8.
Nb3 b6 9. O-O Bb7 10. Qd2 d6 11. Bh6 Bxh6 12. Qxh6 a5 13. Bb5 Na7 14. Bd3 a4
15. Nxa4 Bxe4 16. Bxe4 Nxe4 17. Qe3 Nc5 18. Nc3 Nc6 19. Nd4 Nxd4 20. Qxd4 e6
21. b4 Nb7 22. Ne4 f5 23. Nd2 Qc7 24. a4 Rfc8 25. Rfc1 e5 26. Qd3 Kg7 27. c4
Nd8 28. Nb3 Ne6 29. Qd2 Ra7 30. Qd1 Rca8 31. a5 bxa5 32. Nxa5 Rb8 33. Rab1 Ra6
34. Qd2 Rba8 35. Rd1 Nd4 36. f4 Rd8 37. Re1 Kf6 38. Qf2 Ne6 39. fxe5+ dxe5 40.
c5 Rd4 41. Qe2 Nxc5 42. Qb5 Rxb4 43. Qxb4 Rxa5 44. Rbc1 Qa7 45. Kh1 f4 46. Qc3
Ne6 47. Ra1 Rc5 48. Qb2 Qd7 49. Ra6 Qb5 50. Qa3 Qc4 51. h3 Qc3 52. Qxc3 Rxc3
53. Rb1 Kf5 54. Ra7 Nc7 55. Kh2 h5 56. Rbb7 Nd5 57. Rf7+ Kg5 58. Ra5 Ne3 59.
Rxe5+ Nf5 60. Re2 Ra3 61. Rb2 1/2-1/2

[Event "2MCR_3DE_2LB_3S"]
[Site "?"]
[Date "2007.??.??"]
[Round "?"]
[White "Vokolek, Jaroslav"]
[Black "Cipka, Ivan"]
[Result "1/2-1/2"]
[WhiteElo "2000"]
[BlackElo "2100"]
[PlyCount "120"]
[EventDate "2007.??.??"]
[EventType "corr"]
[EventRounds "2"]
[SourceDate "2007.01.28"]

1. d4 d5 2. c4 dxc4 3. Nf3 a6 4. e3 b5 5. a4 Bb7 6. b3 e6 7. axb5 axb5 8. Rxa8
Bxa8 9. bxc4 bxc4 10. Nc3 Nf6 11. Bxc4 Be7 12. Qe2 O-O 13. Bb2 c5 14. dxc5 Qa5
15. O-O Qxc5 16. Rc1 Qh5 17. Nd2 Qg6 18. f3 Rd8 19. Bb5 Qg5 20. Na4 Nbd7 21. f4
Qg6 22. Bd4 Bb4 23. Nf3 Rb8 24. Ng5 e5 25. Bd3 e4 26. Bc4 Bd5 27. Bxd5 Nxd5 28.
Qc4 Qf5 29. h3 Bd2 30. g4 Qg6 31. Qxd5 Bxc1 32. Qxd7 h6 33. Qc7 Bxe3+ 34. Bxe3
Rb1+ 35. Kg2 hxg5 36. Qc8+ Kh7 37. fxg5 Re1 38. Bf2 Ra1 39. Qc4 Qxg5 40. Nc5 e3
41. Qd3+ Kg8 42. Qxe3 Qd8 43. Qf3 Rd1 44. h4 Ra1 45. h5 Qc8 46. Ne4 Ra4 47. Bg3
Qc2+ 48. Nf2 Qc8 49. g5 Qc4 50. Be5 Ra2 51. Bf4 Qc5 52. Be3 Qe5 53. Qg3 Qe4+
54. Kh3 Qf5+ 55. Kh2 Qe4 56. g6 Qe8 57. Qg5 Re2 58. gxf7+ Qxf7 59. Kg3 Rxe3+
60. Qxe3 Qxh5 1/2-1/2

[Event "2MCR_3DE_2LB_3S"]
[Site "?"]
[Date "2007.??.??"]
[Round "?"]
[White "Cipka, Ivan"]
[Black "Hrdy, Tomas"]
[Result "0-1"]
[WhiteElo "2100"]
[BlackElo "1600"]
[PlyCount "119"]
[EventDate "2007.??.??"]
[EventType "corr"]
[EventRounds "2"]
[SourceDate "2007.01.28"]

1. e4 e5 2. Nf3 Nc6 3. Bb5 a6 4. Ba4 Nf6 5. O-O Be7 6. Re1 b5 7. Bb3 O-O 8. c3
d5 9. exd5 Nxd5 10. Nxe5 Nxe5 11. Rxe5 c6 12. d4 Bd6 13. Re1 Qh4 14. g3 Qh3 15.
Re4 g5 16. Qf1 Qxf1+ 17. Kxf1 Bf5 18. Nd2 h6 19. Bxd5 cxd5 20. Re3 Rfc8 21. a3
a5 22. f3 f6 23. Kg2 Kf7 24. Nf1 a4 25. g4 Bg6 26. Ng3 Re8 27. Kf2 Rxe3 28.
Bxe3 h5 29. Nxh5 Bxh5 30. gxh5 Rh8 31. Kg2 Rxh5 32. h3 Rh8 33. Rf1 Re8 34. Bd2
Kg6 35. f4 Re2+ 36. Rf2 Rxf2+ 37. Kxf2 gxf4 38. Kf3 Kf5 39. h4 Bc7 40. Be1 Bd6
41. Bf2 Kg6 42. Kg4 f5+ 43. Kf3 Kh6 44. Be1 Kh5 45. Bd2 Kxh4 46. Bxf4 Be7 47.
Bg3+ Kg5 48. Bf2 Bf6 49. Bg1 Bg7 50. Bf2 Bh6 51. Bg3 Kg6 52. Bd6 Bc1 53. Bb4
Bxb2 54. Kf4 Bc1+ 55. Kf3 Bg5 56. Bd6 Bd8 57. Bf4 Be7 58. Bc1 Bg5 59. Bb2 Kh5
60. Kg2 0-1

[Event "2MCR_3DE_2LB_3S"]
[Site "?"]
[Date "2007.??.??"]
[Round "?"]
[White "Vokolek, Jaroslav"]
[Black "Tyrlik, Jaroslav"]
[Result "1-0"]
[WhiteElo "2000"]
[BlackElo "2101"]
[PlyCount "157"]
[EventDate "2007.??.??"]
[EventType "corr"]
[EventRounds "2"]
[SourceDate "2007.01.28"]

1. d4 d5 2. c4 e6 3. Nc3 Nf6 4. cxd5 exd5 5. Bg5 c6 6. e3 h6 7. Bh4 Bf5 8. Qb3
Qb6 9. Bxf6 Qxb3 10. axb3 gxf6 11. Kd2 Rg8 12. g3 Nd7 13. Bd3 Be6 14. Nf3 f5
15. Nh4 a6 16. Nxf5 Nf6 17. f3 h5 18. Ke2 O-O-O 19. Kf2 Rg5 20. Nh4 Bh3 21. Ng2
Bxg2 22. Kxg2 Kc7 23. h3 h4 24. g4 Nh5 25. Ne2 Bd6 26. f4 Rgg8 27. Kf2 Ng7 28.
Ng1 Rde8 29. Nf3 Rh8 30. g5 Nh5 31. Rhg1 Ng3 32. Rg2 Bb4 33. Ne5 Rhf8 34. Ng4
Bd6 35. Kf3 Bb4 36. Rd1 Be7 37. Nh6 Bd6 38. Nf5 Nxf5 39. Bxf5 Re7 40. Rg4 Rh8
41. e4 dxe4+ 42. Bxe4 Rhe8 43. f5 Rh8 44. g6 fxg6 45. fxg6 Rf8+ 46. Ke3 Bg3 47.
d5 cxd5 48. Rxd5 Rg7 49. Rh5 Bf2+ 50. Kd3 Rd8+ 51. Kc2 Bg3 52. Rh7 Rdg8 53. Bd5
Rxh7 54. Rc4+ Kd6 55. gxh7 Rh8 56. Bg8 Kd7 57. b4 Kd6 58. Kd3 Be5 59. Rc2 Kd7
60. Ke4 Bd6 61. Rc4 Bf8 62. Kf5 Bg7 63. b3 Kd6 64. Kg6 Bb2 65. Rxh4 Kc6 66. Rh5
Kc7 67. Ra5 Kb6 68. Rf5 Kc7 69. Bd5 b6 70. Rf2 Be5 71. Re2 Ba1 72. Ra2 Bd4 73.
Rc2+ Kb8 74. Rc4 Bb2 75. Rc6 Bd4 76. Bg8 Ka7 77. Rc7+ Kb8 78. Rg7 Bc3 79. Be6
1-0